Normale Ansicht MARC-Ansicht ISBD

Moscow in movement : (Titelsatznr. 40584)

[ MARC ]
MARC-Details
000 -Satzkennung
Kontrollfeld mit fester Länge 00553nam a22001931c 4500
001 - Kontrollnummer
Kontrollfeld a987678963
008 - Feld mit fester Länge zur physischen Beschreibung - Allgemeine Angaben
Kontrollfeld mit fester Länge 161111s2014 gw |||| 000u eng d
020 ## - Internationale Standardbuchnummer
Internationale Standardbuchnummer 9780804790789
Verknüpfung 978-0-8047-9078-9
041 ## - Sprachcode
Sprachcode des Textes/der Tonspur oder des separaten Titels eng
040 ## - Katalogisierungsquelle
Übertragungsstelle RU-10907106
003 - Kontrollnummer Identifier
Kontrollfeld RU-10907106
100 1# - Haupteintragung - Personenname
Personenname Greene, Samuel
245 00 - Titel
Titel Moscow in movement :
Zusatz zum Titel power and opposition in Putin's Russia /
Verfasserangabe etc. Samuel Greene
264 ## - Produktion, Veröffentlichung, Distribution, Herstellung und Urheberrechtsvermerk
Herstellungs-, Veröffentlichungs- Vertriebs-, Erzeugungsort Stanford, California :
Produzent, Herausgeber, Distributor, Hersteller Stanford University Press,
Datum der Herstellung, der Veröffentlichung, des Vertriebs oder des Urheberschutzvermerks 2014
300 ## - Physische Beschreibung
Umfang XII, 276 Seiten
650 #0 - Nebeneintragung unter einem Schlagwort - Sachschlagwort
Sachschlagwort oder geografischer Name als Eintragungselement Opposition
651 #0 - Nebeneintragung unter einem Schlagwort - Geografischer Name
Geografischer Name Russland
942 ## - Zusätzliche Felder (Koha)
Koha-Medientyp Monographien
Exemplare
Ausgeschieden Verloren Klassifikation oder Aufstellungssystematik Beschädigt Nicht entleihbar Heimatbibliothek Aufenthaltsbibliothek Aufstellungsort Erwerbungsdatum Inventarnummer Signatur Barcode Letzte Aktivität Preis gültig von Koha-Medientyp
    Andere/Generische Klassifikation     MWN Osteuropa MWN Osteuropa Magazin - 2 11/11/2016 17-00406 R 72 el Gre E00401509E32E6A7 22/02/2021 22/03/2021 Monographien